<?xml version="1.0" encoding="UTF-8"?>
<collection xmlns="http://www.loc.gov/MARC21/slim">
 <record>
  <leader>04681ntm a22005777a 4500</leader>
  <controlfield tag="001">000221321</controlfield>
  <controlfield tag="003">CZ-PrVSE</controlfield>
  <controlfield tag="005">20120621184810.0</controlfield>
  <controlfield tag="006">m        d</controlfield>
  <controlfield tag="007">cr n||||||||||</controlfield>
  <controlfield tag="008">120621s2011    xr     fsbm   000 0 cze d</controlfield>
  <datafield tag="STA" ind1=" " ind2=" ">
   <subfield code="a">NEZPRACOVANÝ IMPORT</subfield>
  </datafield>
  <datafield tag="040" ind1=" " ind2=" ">
   <subfield code="a">ABA006</subfield>
   <subfield code="b">cze</subfield>
   <subfield code="c">ABA006</subfield>
   <subfield code="d">ABA006</subfield>
  </datafield>
  <datafield tag="100" ind1="1" ind2=" ">
   <subfield code="a">Ostrouško, Viktorie</subfield>
   <subfield code="%">ISIS:49597</subfield>
   <subfield code="4">dis</subfield>
  </datafield>
  <datafield tag="242" ind1="1" ind2="0">
   <subfield code="a">Fuzzy and interval-probabilistic methods of risk assessment of the investment project implemented by public private partnership</subfield>
   <subfield code="y">eng</subfield>
  </datafield>
  <datafield tag="245" ind1="1" ind2="0">
   <subfield code="a">Neurčité a intervalově-pravděpodobnostní přístupy k hodnocení rizik investičního projektu realizovaného formou partnerství veřejného a soukromého sektoru (PPP)</subfield>
   <subfield code="h">[elektronický zdroj] /</subfield>
   <subfield code="c">Viktorie Ostrouško</subfield>
  </datafield>
  <datafield tag="260" ind1=" " ind2=" ">
   <subfield code="c">2011</subfield>
  </datafield>
  <datafield tag="300" ind1=" " ind2=" ">
   <subfield code="a">?? s. :</subfield>
   <subfield code="3">digital, PDF soubor</subfield>
  </datafield>
  <datafield tag="500" ind1=" " ind2=" ">
   <subfield code="a">Vedoucí práce: Miloslav Synek</subfield>
  </datafield>
  <datafield tag="502" ind1=" " ind2=" ">
   <subfield code="a">Disertační práce (Ph.D.)—Vysoká škola ekonomická v Praze. Fakulta podnikohospodářská, 2012</subfield>
  </datafield>
  <datafield tag="504" ind1=" " ind2=" ">
   <subfield code="a">Obsahuje bibliografii</subfield>
  </datafield>
  <datafield tag="516" ind1=" " ind2=" ">
   <subfield code="a">Textový (vysokoškolská kvalifikační práce)</subfield>
  </datafield>
  <datafield tag="518" ind1=" " ind2=" ">
   <subfield code="a">Rok obhajoby 2012</subfield>
  </datafield>
  <datafield tag="520" ind1="3" ind2=" ">
   <subfield code="a">V této práci je zdůvodněno použití teorie fuzzy množin při posuzování ukazatele hodnoty za peníze (Value for Money - VfM) v projektech spolupráce veřejného a soukromého sektoru v podmínkách, kdy nejsou dostatečně dostupné informace pro stanovení rozdělení pravděpodobností popisujících možné hodnoty změn parametrů projektu. Snahou této práce je prokázat účinnost použití teorie fuzzy množin a fuzzy logiky ve výše uvedených podmínkách. Disertační práce se zabývá klasifikací druhů nejistoty a analýzou přístupů k jejímu modelování, zkoumá tradiční metody hodnocení ekonomické efektivnosti investičního projektu v podmínkách rizika a nejistoty s důrazem na jejich přednosti a nedostatky. Na základě provedené analýzy byla předložena další metoda založená na použití teorie neurčitých množin demonstrující přístup, který se dá považovat za vhodnější a spolehlivější nástroj k řešení stanoveného cílu práce. Cílem této práce je zpracování aplikačního modelu pro hodnocení rizik PPP projektů při sledování dosažení důležitého ukazatele efektivnosti těchto projektů v podobě hodnoty za peníze (VfM) v podmínkách nejistoty spojené s neúplnou informací o základních údajích. Stanoveny cíl práci byl splněn. Navrženy mnou model hodnocení rizik dává stabilnější výsledky v porovnání s pravděpodobnostním modelem. Pro ověření předpokladu o vhodnějším použití neurčitého přístupu před intervalově-pravděpodobnostním bylo provedeno porovnání dosažených výsledků za použití různých typů pravděpodobnostních rozdělení a funkcí příslušnosti, zejména zkoumání výsledného ukazatele v citlivosti na tyto změny. Představené praktické výsledky byly porovnány a na základě porovnání byl vyvozen závěr ukazující novost provedeného výzkumu v předvedení možnosti využití aparátu TNM v projekční analýze ho</subfield>
  </datafield>
  <datafield tag="520" ind1="8" ind2=" ">
   <subfield code="a">Byla ukázána praktická aplikace teoretických rozpracování této práce na analýze investičního projektu při navrhování a budování rychlostní komunikace kolem Moskvy.</subfield>
  </datafield>
  <datafield tag="538" ind1=" " ind2=" ">
   <subfield code="a">Způsob přístupu: Internet</subfield>
  </datafield>
  <datafield tag="653" ind1="0" ind2=" ">
   <subfield code="a">podniková ekonomika a management [obor disert. práce]</subfield>
  </datafield>
  <datafield tag="655" ind1=" " ind2="7">
   <subfield code="a">disertace</subfield>
   <subfield code="7">fd132024</subfield>
   <subfield code="2">czenas</subfield>
  </datafield>
  <datafield tag="655" ind1=" " ind2="9">
   <subfield code="a">dissertations</subfield>
   <subfield code="2">eczenas</subfield>
  </datafield>
  <datafield tag="690" ind1=" " ind2=" ">
   <subfield code="a">Partnerství soukromého a věřejného sektoru</subfield>
  </datafield>
  <datafield tag="690" ind1=" " ind2=" ">
   <subfield code="a">funkce příslušností</subfield>
  </datafield>
  <datafield tag="690" ind1=" " ind2=" ">
   <subfield code="a">pravděpodobnostní rozdělení</subfield>
  </datafield>
  <datafield tag="690" ind1=" " ind2=" ">
   <subfield code="a">neurčité množiny</subfield>
  </datafield>
  <datafield tag="690" ind1=" " ind2=" ">
   <subfield code="a">Hodnota za peníze</subfield>
  </datafield>
  <datafield tag="690" ind1=" " ind2=" ">
   <subfield code="a">nejistota a neurčitost</subfield>
  </datafield>
  <datafield tag="690" ind1=" " ind2=" ">
   <subfield code="a">Riziková analýza</subfield>
  </datafield>
  <datafield tag="700" ind1="1" ind2=" ">
   <subfield code="a">Synek, Miloslav,</subfield>
   <subfield code="d">1935-2022</subfield>
   <subfield code="7">jk01122248</subfield>
   <subfield code="4">ths</subfield>
  </datafield>
  <datafield tag="700" ind1="1" ind2=" ">
   <subfield code="a">Ivánek, Jiří,</subfield>
   <subfield code="d">1953-</subfield>
   <subfield code="7">mzk2003171460</subfield>
   <subfield code="4">opn</subfield>
  </datafield>
  <datafield tag="710" ind1="2" ind2=" ">
   <subfield code="a">Vysoká škola ekonomická v Praze.</subfield>
   <subfield code="b">Podnikohospodářská fakulta</subfield>
   <subfield code="7">kn20010709402</subfield>
  </datafield>
  <datafield tag="856" ind1="4" ind2="0">
   <subfield code="u">https://isis.vse.cz/zp/23370/podrobnosti</subfield>
   <subfield code="y">VŠKP v InSIS</subfield>
  </datafield>
  <datafield tag="856" ind1="4" ind2="0">
   <subfield code="u">https://isis.vse.cz/zp/23370</subfield>
   <subfield code="y">Hlavní práce</subfield>
  </datafield>
  <datafield tag="856" ind1="4" ind2="0">
   <subfield code="u">https://isis.vse.cz/zp/23370/posudek/vedouci</subfield>
   <subfield code="y">Hodnocení vedoucího</subfield>
  </datafield>
  <datafield tag="856" ind1="4" ind2="0">
   <subfield code="u">https://isis.vse.cz/zp/23370/posudek/oponent/26503</subfield>
   <subfield code="y">Oponentura</subfield>
  </datafield>
  <datafield tag="856" ind1="4" ind2="0">
   <subfield code="u">https://isis.vse.cz/zp/23370/posudek/oponent/26504</subfield>
   <subfield code="y">Oponentura</subfield>
  </datafield>
  <datafield tag="856" ind1="4" ind2="0">
   <subfield code="u">https://isis.vse.cz/zp/23370/priloha/6992</subfield>
   <subfield code="y">Přiloha k práci</subfield>
  </datafield>
  <datafield tag="999" ind1="4" ind2="0">
   <subfield code="u">http://isis.vse.cz/zp/85144/podrobnosti</subfield>
   <subfield code="y">dc:identifier</subfield>
  </datafield>
  <datafield tag="993" ind1=" " ind2=" ">
   <subfield code="x">NEPOSILAT</subfield>
   <subfield code="y">VSKP</subfield>
  </datafield>
  <datafield tag="999" ind1="4" ind2="5">
   <subfield code="x">85144</subfield>
  </datafield>
  <datafield tag="999" ind1="4" ind2="9">
   <subfield code="a">vse23370</subfield>
   <subfield code="b">120621</subfield>
  </datafield>
 </record>
</collection>
